Informe final del Ejercicio Profesional Supervisado, realizado en la Municipalidad de Panzós, Alta Verapaz/ (Registro nro. 1761)

Detalles MARC
000 -LEADER
campo de control de longitud fija 03296nam a22003137i 4500
001 - NÚMERO DE CONTROL
campo de control TCPA 69
003 - IDENTIFICADOR DE NÚMERO DE CONTROL
campo de control gtcocun
005 - FECHA Y HORA DE LA ÚLTIMA TRANSACCIÓN
campo de control 20250908220530.0
006 - CÓDIGOS DE INFORMACIÓN DE LONGITUD FIJA--CARACTERÍSTICAS DEL MATERIAL ADICIONAL
campo de control de longitud fija a||||gr|||| 00| 0
008 - DATOS DE LONGITUD FIJA--INFORMACIÓN GENERAL
campo de control de longitud fija 250908b2018 gt ||||| m||| 00| 0 eng d
040 ## - FUENTE DE CATALOGACIÓN
Centro catalogador/agencia de origen gtcocun
Lengua de catalogación SPA
Centro/agencia transcriptor gtcocun
Normas de descripción RDA
041 ## - CÓDIGO DE IDIOMA
Código de lengua del texto/banda sonora o título independiente SPA
084 ## - OTRO NÚMERO DE CLASIFICACIÓN
Número de control del registro de autoridad o número normalizado TCPA 69
100 ## - ENTRADA PRINCIPAL--NOMBRE DE PERSONA
Nombre de persona Lem Jom, Gerber Geovanny
Término indicativo de función/relación Autor
245 ## - MENCIÓN DEL TÍTULO
Título Informe final del Ejercicio Profesional Supervisado, realizado en la Municipalidad de Panzós, Alta Verapaz/
Mención de responsabilidad, etc. Gerber Geovanny Lem Jom
Medio Impreso
264 ## - PRODUCCIÓN, PUBLICACIÓN, DISTRIBUCIÓN, FABRICACIÓN Y COPYRIGHT
Producción, publicación, distribución, fabricación y copyright Cobán, Alta Verapaz:
Nombre del de productor, editor, distribuidor, fabricante Universidad de San Carlos de Guatemala, Centro Universitario del Norte, Licenciatura en Contaduría Pública y Auditoría.
Fecha de producción, publicación, distribución, fabricación o copyright 2018
300 ## - DESCRIPCIÓN FÍSICA
Extensión 45 p.:
Otras características físicas Ilustraciones, gráficas.
Dimensiones 28 cm; PDF
336 ## - TIPO DE CONTENIDO
Fuente rdacontenido
Término de tipo de contenido Texto
Código de tipo de contenido txt
337 ## - TIPO DE MEDIO
Fuente rdamedio
Nombre/término del tipo de medio Computadora
Código del tipo de medio n
338 ## - TIPO DE SOPORTE
Fuente rdasoporte
Nombre/término del tipo de soporte Código en línea
Código del tipo de soporte cr
502 ## - NOTA DE TESIS
identificador de la tesis .
502 ## - NOTA DE TESIS
Nota de tesis Tesis de grado
Tipo de título Licenciatura en Contaduría Pública y Auditoría.
Nombre de la institución que otorga el título Universidad de San Carlos de Guatemala, Centro Universitario del Norte, Licenciatura en Contaduría Pública y Auditoría.
Año de obtención del título 2018
Identificador de la tesis TCPA 69
520 14 - RESUMEN, ETC.
Sumario, etc. Como parte del proceso de formación de la Universidad de San Carlos de<br/>Guatemala, por medio del Centro Universitario del Norte; en la carrera de<br/>Contaduría Pública y Auditoría, se requiere de la ejecución del Ejercicio<br/>Profesional Supervisado (EPS). Por lo que el informe final de la práctica que se<br/>presenta a continuación, fue realizado en la municipalidad de Panzós, Alta<br/>Verapaz, como unidad de práctica.<br/><br/>El principio de este ejercicio se dio mediante el estudio y análisis de la<br/>situación que definía a la comuna como tal, por medio de herramientas para<br/>obtener datos significativos de la caracterización de la empresa y sus distintos<br/>ámbitos tales como el área administrativa, de servicio, financiera y de<br/>operaciones.<br/><br/>Utilizadas las herramientas de diagnóstico se detectaron situaciones las<br/>cuales requerían de atención y solución, descritas como: poca recaudación<br/>sobre servicios, arbitrios y tasas municipales, falta de protección y salvaguarda<br/>de los bienes y suministros de parte del encargado de almacén, descontrol en la<br/>entrega, recepción y ubicación de bienes al personal de la municipalidad,<br/>deficiencia en el control de efectivo de ingresos y egresos para imprevistos,<br/>deficiencias de control en la unidad de (IUSI), no existe unidad de Catastro.<br/><br/>Según lo anteriormente descrito se plantearon propuestas, cada una de<br/>ellas con su respectiva intervención, con el propósito de darle solución a cada<br/>problemática y tener como resultado un funcionamiento adecuado en las<br/>distintas actividades operativas y de servicio de la institución, tales acciones se<br/>desarrollaron mediante el cumplimento de aspectos planificados previamente en cronogramas de trabajo, concretando de esta manera la ejecución del ejercicio<br/>profesional supervisado.
650 14 - PUNTO DE ACCESO ADICIONAL DE MATERIA--TÉRMINO DE MATERIA
Fuente del encabezamiento o término LEMB
Término de materia o nombre geográfico como elemento de entrada Panzós, Alta Verapaz
Subdivisión general Targetas de responsabilidades
-- kardex
-- caja chica
700 ## - ENTRADA AGREGADA--NOMBRE PERSONAL
Nombre de persona Lic. Carlos Abraham Sierra Alvarado
Término indicativo de función/relación Asesor
856 ## - LOCALIZACIÓN Y ACCESO ELECTRÓNICOS
Identificador Uniforme de Recurso <a href="https://drive.google.com/file/d/1Lgdb079ML_e56mncrp_kEr1jfsOnwkBJ/view?usp=sharing">https://drive.google.com/file/d/1Lgdb079ML_e56mncrp_kEr1jfsOnwkBJ/view?usp=sharing</a>
Texto de enlace PDF
Nota pública Un ejemplar en línea.
942 ## - ELEMENTOS DE ENTRADA SECUNDARIOS (KOHA)
Fuente de la clasificación o esquema de estantería Clasificación Decimal Dewey
Tipo de ítem Koha TESIS
Parte de la signatura que identifica el ejemplar (Parte del ítem) TCPA_69
Prefijo de la signatura Clasificación
Suprimir en OPAC No
-- TCPA__69
Existencias
Estatus retirado Estado de pérdida Fuente de la clasificación o esquema de estantería Estado de daño No para préstamo Colección Biblioteca de origen Biblioteca actual Ubicación en estantería Fecha de adquisición Número de inventario Total de préstamos Signatura topográfica completa Código de barras Visto por última vez Precio de reemplazo Tipo de ítem Koha
    Clasificación Decimal Dewey     tesis BIBLIOTECA- CUNOR -JOSÉ LUIS GONZALES ROSALES BIBLIOTECA- CUNOR -JOSÉ LUIS GONZALES ROSALES Colección tesis 08/09/2025 TCPA 069   TCPA 069 TCPA 069 08/09/2025 08/09/2025 TESIS